00471nam a2200193Ia 4500008004100000041001200041082001200053100003100065245002700096260003400123300000800157365000700165520001300172546001200185630002700197650001300224655001300237730002700250101110s9999 xx 000 0 und d aMARATHI bSR33885 aLiman S.S. & Rawerkar D.P. aLekha parikshan TYBCOM c2009bSheth prakashan, Mumbai a174 b80 aCommerce aMARATHI aLekha parikshan TYBCOM aCommerce aCommerce aLekha parikshan TYBCOM